| 000 | 00465nam a2200133Ia 4500 | ||
|---|---|---|---|
| 008 | 210428s9999 xx 000 0 und d | ||
| 020 | _a0135705657 | ||
| 082 | _a660.2812 A5321 A | ||
| 100 |
_aRichard Turton, Richard C. Bailie, Wallace B. Whiting, Joseph A. Shaeiwitz _9127210 |
||
| 245 | 0 |
_aAnalysis, synthesis, and design of chemical processes / _cRichard Turton |
|
| 260 |
_bPrentice Hall PTR, _aNew Jersey _c1997 |
||
| 300 | _a814 p. ;24 cm. | ||
| 942 |
_cBK _2ddc |
||
| 999 |
_c560014 _d560014 |
||